| 000 | 00804nam a22002057a 4500 | ||
|---|---|---|---|
| 008 | 110911t1987 xxu||||g |||| 00| 0 ara d | ||
| 082 |
_222 _a507 _bب ا ى |
||
| 100 |
_927093 _aبايز،ألبرت |
||
| 245 |
_aالتجديد فى تعليم العلوم / _cألبرت بايز؛ترجمة جواد نظام |
||
| 260 |
_aبيروت: _bمعهد الانماء العربى ،1987. _c1987. |
||
| 300 |
_a299ص، _c24سم. |
||
| 490 |
_927095 _a،سلسلة الكتب العلمية _n5 |
||
| 650 |
_98629 _aالعلوم - تعليم وتدريس. |
||
| 653 |
_bGeneral _cSeptember2011 |
||
| 700 |
_927096 _aنظام ،جواد _cمترجم |
||
| 942 |
_2ddc _cBB _hRDA-MOD |
||
| 999 |
_c15984 _d15984 |
||
| 336 |
_2rdacontent _aنص _btxt |
||
| 337 |
_aبدون وسيط _2rdamedia _bn |
||
| 338 |
_aمجلد _bnc _2rdacarrier |
||